00580nam a2200217 a 4500001001300000003000900013005001700022008004100039020000900080082002100089100001700110245004300127250001400170260003800184300000900222500003500231505002900266650001800295650003200313700001700345nice12345678IN_TiNIC20260116013505.0050524s1992 luca grp 000 0 urd  ac4000a305.6297054bNAD aNadwi, S A A aHindustani Muslaman Ek Tareekhi Jaaiza a49th ed.  aLucknowbMajlis-E-Tahqeeqatc1992 a240p aincludes index and biblioraphy2 avol.Nos. X and XIII only aMuslims-India aIndia-History Muslim Period1 aNadwi, S A A